• 首页
  • 本馆介绍
  • 公告通知
  • 最新文献
  • 馆藏检索
  • 电子资源
  • 读者导购
  • 参考咨询
  • 我的图书馆
  • 登录
  • 详细信息显示
  • 放入我的书架
  • 预约/预借图书
  • 作者相关作品
  • 分类相关作品
  • 丛书相关作品
  • 出版社相关作品

书目信息

  • 表格格式
  • 工作单格式
  • 卡片格式
题名:
爱因斯坦·毕加索
    
 
作者: 米勒 著 ;方在庆 , 伍梅红 , 关洪 译
分册:  
出版信息: 上海   上海科技教育出版社  2016
页数: 10,379页
开本: 23cm
丛书名: 爱因斯坦书系
单 册:
中图分类: K837.126.11=532 , K835.515.72=534 , K837.126
科图分类:
主题词: 物理学家--传记--美国--现代 , 画家--传记--西班牙--现代
电子资源:
ISBN: 978-7-5428-6101-6
000 01792oam2 2200385 450
001 7059
005 20180604175436.11
010    @a978-7-5428-6101-6@dCNY60.00
100    @a20160923d2016 em y0chiy50 ea
101 1  @achi@ceng
102    @aCN@b310000
105    @aa z 000yc
200 1  @a爱因斯坦·毕加索@9ai yin si tan · bi jia suo@e空间、时间和动人心魄之美@g关洪校@f(英)阿瑟·I·米勒著@g方在庆,伍梅红译
210    @a上海@c上海科技教育出版社@d2016
215    @a10,379页@c图@d23cm
225 1  @a爱因斯坦书系
312    @a书名原文:Einstein, Picasso: space, time, and the beauty that causes havoc
314    @a阿瑟·I·米勒 (Arthur I. Miller),伦敦大学学院科学史和科学哲学教授,美国物理学会会员,国际科学史研究院通信院士。著有《爱因斯坦的狭义相对论》、《物理学前沿》等。
330    @a这本关于爱因斯坦和毕加索的平行传记让人着迷,其重点集中在他们还是年轻人时所取得的最伟大的成就:爱因斯坦的狭义相对论和毕加索那幅将艺术带入20世纪的作品《亚威农少女》。作者作为著名的爱因斯坦研究专家,揭示了把两个最具原创性的心灵联系在一起的纽带。
461  0 @12001 @a爱因斯坦书系
510 1  @aEinstein, Picasso@espace, time, and the beauty that causes havoc@zeng
517 1  @a空间、时间和动人心魄之美@9kong jian、shi jian he dong ren xin po zhi mei
600  0 @a爱因斯坦@c(Einstein, Albert@f1879-1955)@x传记
606 0  @a物理学家@x传记@y美国@z现代
606 0  @a画家@x传记@y西班牙@z现代
610    @a毕加索@c(Picasso, Pablo@f1881-1973)@x传记
690    @aK837.126.11=532@v5
690    @aK835.515.72=534@v5
690    @aK837.126@v4
701  0 @c(英)@a米勒@9mi le@c(Miller, Arthur I. )@4著
702  0 @a方在庆@9fang zai qing@4译
702  0 @a伍梅红@9wu mei hong@4译
702  0 @a关洪@9guan hong@4校
801  0 @aCN@b91MARC@c20160923
905    @aMuseLib@dK837.126@e947
    
    爱因斯坦·毕加索:空间、时间和动人心魄之美/关洪校/(英)阿瑟·I·米勒著/方在庆,伍梅红译.-上海:上海科技教育出版社,2016
    10,379页:图;23cm.-(爱因斯坦书系)
    
    
    ISBN 978-7-5428-6101-6:CNY60.00
    这本关于爱因斯坦和毕加索的平行传记让人着迷,其重点集中在他们还是年轻人时所取得的最伟大的成就:爱因斯坦的狭义相对论和毕加索那幅将艺术带入20世纪的作品《亚威农少女》。作者作为著名的爱因斯坦研究专家,揭示了把两个最具原创性的心灵联系在一起的纽带。
●
相关链接 在E读中查询图书 在五车中查询图书 在当当中查询图书 在豆瓣中查询图书


正题名:爱因斯坦·毕加索     索取号:K837.126/947         预约/预借

序号 登录号 条形码 馆藏地/架位号 状态 备注
1 1116301   211163015   第二样本阅览室/ [索取号:K837.126/947] 在馆    
2 1116302   211163024   教育系资料室/ [索取号:K837.126/947] 在馆    
3 1116303   211163033   教育系资料室/ [索取号:K837.126/947] 在馆    
4 1116304   211163042   第二借阅区/ [索取号:K837.126/947] 在馆    
唐山师范学院图书馆 欢迎您!
大连网信软件有限公司© 版权所有